| 000 | 00398nam a2200109Ia 4500 | ||
|---|---|---|---|
| 008 | 200302s9999 xx 000 0 und d | ||
| 100 | _aTang art design and informantion group Ltd. | ||
| 245 | _aThe rise of innovative architecture leading in future through bionics green concept high technology and originality | ||
| 260 | _bTang art design and information group Ltd. | ||
| 260 | _c2012 | ||
| 300 | _a459 | ||
| 999 |
_c7328 _d7328 |
||